|
|
|
|
| LEADER |
00000nab a2200000uu 4500 |
| 001 |
vtls011498050 |
| 003 |
SK-MaSNL |
| 005 |
20260303112607.0 |
| 008 |
230121|2014 xo |||||||||||||||||slo| |
| 015 |
|
|
|a SNBRB
|
| 035 |
|
|
|a (urnnbn)urn:nbn:sk:snk:ar-a0a3pw
|
| 035 |
|
|
|a (uuid)76e0b1b5-5286-4211-ad4c-ca4e8cefa453
|
| 035 |
|
|
|a urn:nbn:sk:snk-abdt6i
|
| 040 |
|
|
|a SNKBUCL
|b slo
|c SNKBUCL
|e AACR2
|
| 041 |
0 |
|
|a slo
|
| 044 |
|
|
|a xo
|c SK
|
| 100 |
1 |
|
|a Kopecká, Martina,
|d 1984-
|4 aut
|9 119259
|
| 245 |
1 |
0 |
|a Pomenovania slobodnej matky a jej dieťaťa v slovenských nárečiach (2 - dokončenie)
|c Martina Kopecká
|
| 773 |
0 |
|
|t Kultúra slova : vedecko-popularizačný časopis pre jazykovú kultúru a terminológiu : orgán Jazykovedného ústavu Ľudovíta Štúra SAV, Jazykového odboru Matice slovenskej a Ústrednej jazykovej rady
|g Roč. 48, č. 4 (2014), s. 226-234
|
| 958 |
|
|
|a OND
|
| 958 |
|
|
|a EUIPO
|
| 958 |
|
|
|a article20
|
| 999 |
|
|
|c 1885721
|d 1887651
|